[Event "EU-chT 07th Final"]
[Site "Skara"]
[Date "1980.01.20"]
[Round "1.1"]
[White "Karpov, Anatoly"]
[Black "Miles, Anthony John"]
[Result "0-1"]
[WhiteElo "2725"]
[BlackElo "2545"]
[Annotator "Knaak,R"]
[PlyCount "92"]
[EventDate "1980.01.20"]
[EventType "team-tourn"]
[EventRounds "7"]
[EventCountry "SWE"]
[SourceTitle "100 Jahre Schach"]
[Source "ChessBase"]
[SourceDate "2000.04.19"]
[SourceVersion "1"]
[SourceVersionDate "2000.04.19"]
[SourceQuality "1"]
[WhiteTeam "Soviet Union"]
[BlackTeam "England"]
[WhiteTeamCountry "URS"]
[BlackTeamCountry "ENG"]

{Um 1980 herum dominierte Karpov die Schachwelt völlig. Miles hatte das Pech,
gegen den Weltmeister fast immer die schwarzen Steine führen zu müssen, denn
Karpov war mit Weiß fürchterlich, während er als Nachziehender schon mal ein
schnelles Remis mitmachte. Demzufolge war die persönliche Bilanz in den
Spielen gegeneinander katastrophal für den Engländer. Doch dieses eine Mal
sollte alles anders sein...} 1. e4 a6 $1 {Eine aus psychologischer Sicht
interessante Wahl: Alles andere als ein Sieg ist nun für Karpov ein Misserfolg.
Natürlich klappt so ein Trick nur einmal.} 2. d4 b5 3. Nf3 Bb7 4. Bd3 Nf6 (4...
e6 $142) 5. Qe2 (5. e5 Nd5 6. Ng5 $5 {/\->}) 5... e6 6. a4 c5 (6... b4 {(Miles)
}) 7. dxc5 (7. e5 c4 $13 {(Miles)}) (7. c3 c4 8. Bc2 d5 {/\b4-><< (Miles)})
7... Bxc5 8. Nbd2 b4 9. e5 Nd5 10. Ne4 Be7 11. O-O $6 {Ein solider Zug, aber
er verpasst eine Chance.} (11. Bg5 $142 {und Weiß kommt zu klarem Vorteil.})
11... Nc6 12. Bd2 (12. Bg5 f6 $1 {/\Qc7,0-0-0 |^}) 12... Qc7 13. c4 (13. Ng3 h5
$5) 13... bxc3 14. Nxc3 Nxc3 15. Bxc3 Nb4 $1 {Laut Miles mit '='. Aber
vielleicht ist diese Einschätzung nicht korrekt und Weiß hat noch Vorteil..}
16. Bxb4 Bxb4 17. Rac1 Qb6 18. Be4 (18. Ng5 $5 Be7 19. Qh5 (19. Nxh7 g6 20.
Nf6+ Bxf6 21. exf6 Qd4 $15) 19... Bxg5 20. Qxg5 O-O $13 {(Miles)}) 18... O-O
19. Ng5 {Verpasst die Chance zum Läuferopfer auf h7. Wenn Karpov auf Gewinn
spielen wollte (wovon man ausgehen kann), so war es gegenüber dem Partiezug
auf jeden Fall die bessere Fortsetzung. Der Beweis der Korrektheit des Opfers
mit Computerhilfe ist freilich eine ganz andere Sache als das Spielen am Brett.
} (19. Bxh7+ $1 {ist auf jeden Fall chancenreich:} Kxh7 20. Ng5+ Kg6 $1 21. Qg4
{Komplizierter ist} f5 $1 (21... f6 $2 {!? (Miles)} {aber} 22. Nxe6+ Kf7 23.
Nxf8 Kxf8 (23... Bxf8 24. Qxd7+ Kg8 25. e6 $18) 24. exf6 gxf6 25. Qxd7 Rd8 26.
Qh7 {und Weiß sollte gewinnen.}) 22. Qg3 Qd4 $1 {=/+ (Miles), aber das ist
nicht richtig:} (22... Rg8 23. Rc7 $1 {(Fritz)} Bc6 $1 (23... Rae8 24. Nxe6+
Kf7 25. Ng5+ Ke7 26. e6 $18) 24. Nxe6+ Kf7 25. Qb3 $1 Ke8 (25... Rgf8 26. Rd1
Ke7 27. Rxc6 Qxc6 (27... dxc6 28. Nf4 $18) 28. Qxb4+ $18) 26. Rc1 Ba5 27. Qd1
dxe6 (27... Qxc7 28. Nxc7+ Bxc7 29. e6 $18) 28. R7xc6 $16) 23. h3 $5 (23. Nxe6+
Qg4 24. Nxf8+ Bxf8 25. Qxg4+ fxg4 26. Rfd1 $11) (23. Rc7 Bc6 24. h3 Qxb2 $1 (
24... f4 $2 25. Qg4 Kh6 26. Qh4+ Kg6 27. Rxc6 dxc6 28. Qh7+ Kxg5 29. h4+ Kg4
30. Qg6+ Kxh4 31. Kh2 $18) 25. Nxe6+ Kf7 $13) 23... Kh5 $1 (23... f4 $2 24. Qg4
Kh6 25. Rfd1 Qxe5 26. Qh4+ Kg6 27. Rxd7 $1 Rh8 28. Nf7 $18) 24. Rc7 $1 (24. Nh7
$6 Be7 (24... Bd2 25. Nxf8 Rxf8 26. Rfd1 Qb4 $15) 25. Rcd1 Qh4 $1 (25... Qxa4
$2 26. Qxg7 Rg8 27. Nf6+ Bxf6 28. Qh7+ Kg5 29. f4+ $18) 26. Qxh4+ (26. Qxg7 $2
Rg8 27. Nf6+ Qxf6 $1 $19 (27... Bxf6 $4 28. Qh7+ Kg5 29. f4+ $18)) 26... Bxh4
27. Nxf8 Rxf8 28. Rxd7 $15) 24... Bd5 25. Nh7 Be7 26. Rxd7 (26. Nxf8 Bxf8 27.
Rxd7 Qh4 $1) 26... Bh4 (26... Rh8 27. Rxe7 Rxh7 28. Rxg7 Rxg7 29. Qxg7 Ra7 $11)
27. Qxg7 Rg8 28. Nf6+ Bxf6 29. Qh7+ Kg5 30. exf6 Kxf6 $11) 19... h6 20. Bh7+ $6
{Es ist wahrscheinlich genau an dieser Stelle, wo Karpov ganz gegen seine
Gewohnheit der Sinn für Gefahren verloren geht - vielleicht auch wegen der
provokativen Eröffnung von Schwarz.} ({Nach} 20. Bxb7 Qxb7 21. Qe4 Qxe4 22.
Nxe4 {ergibt sich ein ausgeglichenes Endspiel.}) 20... Kh8 21. Bb1 $6 (21. Be4)
21... Be7 22. Ne4 (22. Qd3 g6 $15 {(Miles)}) 22... Rac8 23. Qd3 $2 {Stellt
einen Bauern ein, denn Kompensation durch etwaige Drohungen auf der Diagonale
b1-h7 ergeben sich nicht.} ({Nach} 23. Rcd1 {verfügt Schwarz über einen
kleinen Vorteil.}) 23... Rxc1 24. Rxc1 Qxb2 25. Re1 $6 ({Besser} 25. Rd1 $5 g6
26. Nd6) 25... Qxe5 $19 26. Qxd7 Bb4 $1 {Am stärksten, aber auch 26...Rb8 wäre
eine Möglichkeit wegen des fehlenden weißen Luftlochs.} 27. Re3 Qd5 28. Qxd5
Bxd5 {Der Rest ist Sache der Technik, auch ein Karpov kann gegen Läuferpaar +
Mehrbauer nichts machen.} 29. Nc3 Rc8 30. Ne2 g5 31. h4 Kg7 32. hxg5 hxg5 33.
Bd3 a5 34. Rg3 Kf6 35. Rg4 Bd6 36. Kf1 Be5 37. Ke1 Rh8 38. f4 gxf4 39. Nxf4 Bc6
40. Ne2 Rh1+ 41. Kd2 Rh2 42. g3 Bf3 43. Rg8 Rg2 44. Ke1 Bxe2 45. Bxe2 Rxg3 46.
Ra8 Bc7 0-1

[Event "Cappelle op 12th"]
[Site "Cappelle la Grande"]
[Date "1996.??.??"]
[Round "7"]
[White "Kovalev, Andrei"]
[Black "Minasian, Artashes"]
[Result "1-0"]
[WhiteElo "2495"]
[BlackElo "2580"]
[Annotator "Kovalev,A"]
[PlyCount "47"]
[EventDate "1996.02.??"]
[EventType "swiss"]
[EventRounds "9"]
[EventCountry "FRA"]
[SourceTitle "CBM 051 Extra"]
[Source "ChessBase"]
[SourceDate "1996.05.01"]
[SourceVersion "1"]
[SourceVersionDate "1996.05.01"]
[SourceQuality "1"]

1. e4 b6 2. d4 Bb7 3. Nc3 e6 4. Nf3 Bb4 5. Bd3 Nf6 6. Qe2 (6. e5 $5 Nd5 7. O-O
Nxc3 8. bxc3 Be7 (8... Bxc3 9. Rb1 $146) 9. Ne1 $1 $14 {Kovalev,A-Chernyshov,K/
Dresden/1994/}) (6. Bg5 $5) 6... d5 7. exd5 Nxd5 8. Bd2 Nxc3 9. bxc3 Be7 10. h4
$5 (10. O-O $5 O-O 11. h4 $5 Nd7 (11... Bxh4 12. Be4 $36) 12. Be4 $14) 10...
Nd7 11. Rh3 c5 $6 (11... Bd6 $5) 12. Rg3 Bf6 (12... O-O 13. Bh6 Bf6 14. Ng5 $36
) (12... g6 13. h5 $16) 13. Ne5 Bxe5 (13... Nxe5 14. dxe5 Bxh4 15. Rxg7 $16) (
13... Qc7 $5 14. Bb5 Bxe5 15. dxe5 O-O-O 16. Rxg7 Nxe5 $132) 14. dxe5 Qxh4 $2 (
14... Qc7 $5) 15. O-O-O Qa4 $6 (15... O-O-O $5 16. Bg5 (16. Rxg7 $5 $16) 16...
Qa4 17. Bxd8 Rxd8 $44) 16. Bb5 Qxa2 (16... Qa3+ 17. Kb1 O-O-O 18. c4 $18) 17.
Bg5 $18 Bc8 18. Qd3 O-O (18... Qd5 19. c4 Qd4 20. c3 $1 $18) 19. Bxd7 Ba6 20.
Qe3 g6 21. Bf6 Qa3+ 22. Kd2 Rfd8 23. Qh6 (23. Ke1 $18) 23... Rxd7+ 24. Rd3 (24.
Rd3 Rxd3+ 25. cxd3 Qb2+ 26. Ke3 $18) 1-0

[Event "EU-ch 3rd"]
[Site "Batumi"]
[Date "2002.06.18"]
[Round "7"]
[White "Arutinian, David"]
[Black "Gelashvili, Tamaz"]
[Result "0-1"]
[WhiteElo "2427"]
[BlackElo "2547"]
[Annotator "Mueller,Karsten"]
[PlyCount "76"]
[EventDate "2002.06.12"]
[EventType "swiss"]
[EventRounds "13"]
[EventCountry "GEO"]
[SourceTitle "CBM 090"]
[Source "ChessBase"]
[SourceDate "2002.09.20"]
[SourceVersion "1"]
[SourceVersionDate "2002.09.20"]
[SourceQuality "1"]

1. e4 Nc6 2. d4 d5 3. e5 Bf5 4. c3 e6 5. Bd3 Nge7 6. Ne2 Qd7 7. O-O Bxd3 8.
Qxd3 Nf5 (8... O-O-O 9. Bg5 h6 10. Bxe7 Bxe7 11. Nd2 f6 12. b4 $132 {1/2-1/2
Gianella,H-San Marco,J/Paris 1993/EXT 93op (49). (49)}) 9. g4 $6 (9. b4 O-O-O
10. a4 f6 11. a5 {ist besser.}) 9... Nh4 $15 10. Ng3 O-O-O 11. Bg5 Be7 12. Bxh4
Bxh4 13. Nd2 f6 14. f4 fxe5 15. fxe5 Bxg3 16. Qxg3 h5 $1 {[%mdl 32] Schwarz
will seinem Springer das Feld f5 freikämpfen oder die h-Linie öffnen.} 17. g5 (
17. h3 hxg4 18. hxg4 Rh6 $15) 17... Ne7 18. Nf3 $2 (18. h4 Nf5 19. Qh3 $15) (
18. Rf7 $2 Qe8 $17) 18... Nf5 19. Qf4 h4 $1 {Schwarz hat seinen Gegner
strategisch überspielt und fährt im Folgenden die Ernte ein.} 20. a4 Qe7 21. b4
Rdf8 22. Qd2 Qe8 $1 23. Rae1 Qh5 24. Qg2 h3 25. Qd2 Ne7 26. Qe2 Ng6 27. Rf2 Rf5
28. Nd2 (28. Kh1 Nf4 29. Qd2 Rhf8 30. Ref1 Qg4 $19 {Schwarz umspielt einfach
den Bauern g5.}) 28... Qxg5+ $19 29. Kh1 Nf4 30. Qf1 Qg2+ 31. Rxg2 hxg2+ 32.
Qxg2 Nxg2 33. Kxg2 Rg5+ 34. Kh1 Rg3 35. Nb1 g5 36. Rg1 Rxg1+ 37. Kxg1 Rh3 38.
Kg2 Rd3 0-1

[Event "Donetzk zt"]
[Site "Donetsk"]
[Date "1998.11.03"]
[Round "2"]
[White "Baklan, Vladimir"]
[Black "Kopylov, Michael"]
[Result "1-0"]
[WhiteElo "2585"]
[BlackElo "2385"]
[Annotator "Mueller,Karsten"]
[PlyCount "65"]
[EventDate "1998.11.02"]
[EventType "swiss"]
[EventRounds "11"]
[EventCountry "UKR"]
[SourceTitle "CBM 068"]
[Source "ChessBase"]
[SourceDate "1999.02.01"]
[SourceVersion "1"]
[SourceVersionDate "1999.02.01"]
[SourceQuality "1"]

1. e4 b6 2. d4 Bb7 3. Bd3 Nf6 4. Qe2 e6 5. Nf3 c5 6. c3 Qc8 {diese Idee, die
weißfeldrigen Läufer mittels Lb7-a6 zu tauschen, wirkt ein wenig (zu) langsam.}
(6... cxd4 7. cxd4 Bb4+ 8. Nbd2 d5 9. e5 Nfd7 10. O-O a5 11. Rd1 $14 {1/2-1/2
Huebner,R-Larsen,B/Bugojno 1978/MCL 05 (48)}) (6... Be7 7. O-O Nc6 8. a3 $14 {
0-1 Wahls,M-Forster,R/Biel 1994/CBM 43/[Ernst] (37)}) 7. d5 $1 $146 {[%mdl 40]
Baklan durchkreuzt das schwarze Vorhaben in der Folge sehr energisch} (7. O-O
Ba6 $11 {/+/= 1-0 Kierzek,M-Tomic,D/Dortmund 1978/MCL 07 (44)}) 7... d6 ({Auf} 
7... Ba6 {kann nun} 8. c4 {folgen.}) 8. Bb5+ Nbd7 9. dxe6 fxe6 10. e5 $1 Bxf3 (
10... dxe5 $2 11. Nxe5 Bxg2 $6 12. Rg1 Bd5 13. c4 Bb7 14. Bg5 $18) 11. Qxf3
dxe5 12. Nd2 (12. Qh3 {bringt wegen} Kf7 {nichts Besonderes.}) 12... Be7 (12...
a6 $2 13. Bc4 $16) 13. Ba6 Qd8 14. Qc6 Kf7 $6 {exponiert den schwarzen König
zu stark.} (14... O-O 15. Qxe6+ Kh8 $14 {/+/-}) 15. Bc4 Nf8 16. Nf3 Bd6 17.
Qb7+ $1 Kg8 (17... N6d7 18. Ng5+ Ke7 19. Ne4 $16) 18. Ng5 Qe8 19. Nxe6 Nxe6 20.
Bxe6+ Kf8 21. Bb3 Rc8 22. Be3 Rc7 23. Qa6 c4 {Verzweiflung, doch aufgrund der
Schwäche der weißen Felder, des sehr gefährdeten Königs und weil der Turm h8
Probleme hat, ins Spiel einzugreifen, steht Schwarz wohl ohnehin auf
verlorenem Posten.} 24. Bxc4 Qc6 25. O-O-O Ke7 $6 {mit anderen Zügen hätte
Schwarz größere Probleme stellen können, z.B.} (25... Qxc4 26. Qxc4 Rxc4 27.
Rxd6 $16 {/+-}) (25... Qxg2 $5 26. Bb3 $16 (26. Rxd6 {scheint nur zum Remis zu
führen:} Qxh1+ 27. Rd1 Qe4 28. Qa3+ (28. Rd8+ Ke7 29. Rxh8 Qxc4 $11) 28... Ke8
29. Bb5+ Kf7 30. Qb3+ Ke7 31. Qa3+ $11)) 26. Bb5 Qa8 27. f3 Rhc8 28. Kb1 Nd5
29. Bg5+ Ke6 $6 30. Ba4 Nf6 31. Qd3 Rd8 32. Bb3+ Ke7 33. Qxh7 1-0

[Event "Dortmund GM"]
[Site "Dortmund"]
[Date "2000.07.12"]
[Round "5"]
[White "Naiditsch, Arkadij"]
[Black "Doettling, Fabian"]
[Result "1/2-1/2"]
[WhiteElo "2449"]
[BlackElo "2473"]
[Annotator "Mueller,Karsten"]
[PlyCount "38"]
[EventDate "2000.07.07"]
[EventType "tourn"]
[EventRounds "9"]
[EventCountry "GER"]
[EventCategory "9"]
[SourceTitle "CBM 078"]
[Source "ChessBase"]
[SourceDate "2000.10.18"]
[SourceVersion "1"]
[SourceVersionDate "2000.10.18"]
[SourceQuality "1"]

1. e4 Nc6 2. Nf3 f5 $6 3. exf5 d5 4. Nh4 $5 {der ambitionierteste Versuch
gegen f5. Wenn Schwarz allerdings wie Doettling sehr mutig auftritt, bleibt
die Frage offen, ob Weiß damit Vorteil herausholen kann.} (4. d4 {und}) (4. Bb5
{wurden ebenfalls gespielt.}) 4... e5 5. Qh5+ g6 6. fxg6 Nf6 $1 7. g7+ (7. Qd1
$2 Bc5 8. g7 Rg8 $40 {1/2-1/2 Rodriguez Lopez,R-Ferencz,I/Budapest 1998/EXP 63
(12)}) (7. Qg5 Bc5 (7... Be7 8. Bb5 $13 {1-0 Vidarsson,J-Ulvin,D/Gausdal 1988/
EXT 88op (15)}) 8. d4 Bxd4 9. Bd3 e4 10. Be2 Be6 $13 {1/2-1/2 Brendel,O-Gross,
G/BL9697 St.Ingbert-Castrop Rauxel 1996/BL9697 (42)}) 7... Nxh5 8. gxh8=Q Qxh4
9. Qxh7 Nd4 10. Qg6+ Kd8 11. d3 (11. g3 $2 Qg4 12. Qxg4 Bxg4 13. Bd3 e4 14. c3
Nf3+ 15. Kf1 Bh3+ 16. Ke2 Bg2 17. Rd1 exd3+ $17 {0-1 Jahr,U-Poethig,H/BL8182
1982/BL 80 (24)}) 11... Nf4 $1 (11... Nxc2+ $2 12. Kd1 Qxf2 (12... Nxa1 $4 13.
Bg5+ $18) 13. Be2 Nf4 14. Bxf4 exf4 15. Qg5+ Be7 16. Qxd5+ Bd7 17. Kxc2 Qxe2+
18. Nd2 $18) 12. Qf7 (12. Qg8 Ke8 13. Bxf4 (13. Na3 Be6 14. Qg3 Qf6 $44) 13...
Qxf4 14. Na3 Be6 15. Qg3 Bxa3 16. Qxf4 exf4 17. bxa3 Nxc2+ 18. Kd2 Nxa1 $11 {
0-1 Pavasovic,D-Gross,G/Bled 1995/EXP 46 (44)}) 12... Bb4+ 13. c3 Bg4 $1 {
[%mdl 128] die auf der 4.Reihe versammelten schwarzen Figuren geben wahrlich
ein imposantes Bild ab !} (13... Nc2+ $2 14. Kd1 Qxf2 15. Qg8+ Ke7 16. Qg3 $16)
14. Qg8+ (14. Bxf4 Nc2+ 15. Kd2 Qxf2+ 16. Be2 (16. Kc1 $2 Qe1+ 17. Kxc2 Qd1#)
16... Qxe2+ 17. Kc1 exf4 18. cxb4 Qxg2 $11) 14... Kd7 15. Qg7+ Kc6 16. g3 (16.
Na3 Bxa3 17. g3 (17. cxd4 Bb4+ 18. Bd2 Bxd2+ 19. Kxd2 Qxf2+ 20. Kc1 Re8 $13)
17... Nf3+ 18. Kd1 Bf8 19. Qxf8 Rxf8 20. gxh4 Nd4+ 21. Kd2 Nf3+ 22. Kc2 Ne1+
23. Kb1 Nfxd3 $13) 16... Nf3+ 17. Kd1 Nd4+ 18. Kd2 ({Mit} 18. f3 {konnte Weiß
noch weiterspielen. Besonders vertrauenerweckend sieht die Sache aber nicht
aus, z.B.} Bxf3+ 19. Kd2 (19. Ke1 Qh5 20. Bxf4 Bxh1 21. g4 Qh8 22. Qxh8 Rxh8
23. Bg3) 19... Qh5 20. gxf4 Bxh1) (18. Be2 $2 Bxe2+ 19. Kd2 Qh3 20. cxb4 Qf5
$19) 18... Nf3+ 19. Kd1 (19. Kc2 Ne1+ 20. Kb3 $2 Bd1+ 21. Kxb4 Nfxd3+ 22. Ka3
Qa4#) 19... Nd4+ 1/2-1/2

[Event "USA-ch playoff"]
[Site "Seattle"]
[Date "2000.10.07"]
[Round "2"]
[White "Shabalov, Alexander"]
[Black "Benjamin, Joel"]
[Result "0-1"]
[WhiteElo "2601"]
[BlackElo "2577"]
[Annotator "Mueller,Karsten"]
[PlyCount "54"]
[EventDate "2000.10.07"]
[EventType "tourn"]
[EventRounds "4"]
[EventCountry "USA"]
[EventCategory "15"]
[SourceTitle "CBM 080"]
[Source "ChessBase"]
[SourceDate "2001.01.25"]
[SourceVersion "1"]
[SourceVersionDate "2001.01.25"]
[SourceQuality "1"]

1. e4 Nc6 2. d4 e5 3. dxe5 (3. Nf3 {führt zur Schottischen Partie.}) 3... Nxe5
4. Bf4 Ng6 5. Bg3 Nf6 (5... Bb4+ 6. c3 Bc5 7. Nd2 a5 8. h4 d6 9. h5 Ne5 10. Be2
Nh6 $11 {0-1 Malaniuk,V-Przewoznik,J/Katowice 1992/TD 92\04 (61)}) 6. Bd3 (6.
e5 $6 Ne4 7. Qe2 $2 Nxg3 8. hxg3 Qg5 9. Nc3 Qxe5 $17 {0-1 Perez,F-Rossetto,H/
Mar del Plata 1961/MCD-r6 (35)}) (6. Bc4 Bc5 7. Nc3 O-O 8. Nf3 d6 9. O-O $6 Nh5
$15 {0-1 Garcia,J-Figueroa,E/ARG-ch Buenos Aires 1966/MCD-ch (38)}) 6... d5 (
6... Bb4+ 7. c3 Bc5 8. e5 Qe7 9. Qe2 Nd5 10. Bxg6 hxg6 11. Nd2 g5 $13 {0-1
Shabalov,A-Klinger,J/Werfen 1990/EXT 90op (34)}) 7. e5 Ne4 (7... Ng4 8. Nf3 Bc5
9. Nbd2 O-O 10. O-O Re8 11. Re1 Bb6 $11 {1-0 Nippgen,G-Reichenbach,W/FRG-ch
Oberursel 1972/MCD-ch (41)} (11... Nf4 $5)) 8. Bxe4 dxe4 9. Qxd8+ Kxd8 10. Nc3
Bf5 11. O-O-O+ $14 Kc8 12. Nge2 h5 13. h4 Bc5 14. Nd4 Bg4 15. Rd2 (15. f3 $6
Bxd4 16. Rxd4 exf3 17. gxf3 Be6 $11) 15... Re8 (15... Rd8 16. Nb3 Rxd2 17. Kxd2
$14) 16. e6 (16. Nxe4 $5 Bxd4 17. Rxd4 Nxe5 18. Re1 $14 {kam auch in Betracht.}
) 16... Bxe6 $6 (16... e3 $5 17. fxe3 fxe6 {war besser.}) 17. Nxe6 Rxe6 18.
Rhd1 b6 19. Nb5 $1 Re7 20. Nxc7 Rxc7 21. Rd8+ Kb7 {das folgende Finale ist
vermutlich von hoher Zeitnot gekennzeichnet} 22. Bxc7 $2 (22. Rxa8 Kxa8 23.
Bxc7 Nxh4 24. Bg3 $16) 22... Rxd8 23. Bxd8 Bxf2 24. Rd7+ Kc8 25. Rxf7 e3 ({
warum nicht} 25... Be3+ 26. Kd1 Kxd8 {?}) 26. Bg5 $2 (26. Be7 {war erzwungen.
Nach} e2 27. Bb4 Nf4 {ist die Lage noch nicht ganz klar, aber Weiß sollte
nicht verloren sein.} (27... e1=Q+ $2 28. Bxe1 Bxe1 29. Rxa7 $14 {/+/-})) 26...
e2 27. Bd2 {[%tqu "En","Black to move and win","","","f2e3","",4,"De","Schwarz
zieht und gewinnt","","","f2e3","",4]} Be3 $3 0-1

[Event "BIH-chT"]
[Site "Neum"]
[Date "2002.06.02"]
[Round "1.1"]
[White "Feletar, Darko"]
[Black "Lputian, Smbat G"]
[Result "1/2-1/2"]
[WhiteElo "2435"]
[BlackElo "2634"]
[Annotator "Mueller,Karsten"]
[PlyCount "125"]
[EventDate "2002.06.02"]
[EventType "team"]
[EventRounds "9"]
[EventCountry "BIH"]
[SourceTitle "CBM 090"]
[Source "ChessBase"]
[SourceDate "2002.09.20"]
[SourceVersion "1"]
[SourceVersionDate "2002.09.20"]
[SourceQuality "1"]
[WhiteTeam "Brijeg"]
[BlackTeam "Kiseljak"]
[WhiteTeamCountry "BIH"]
[BlackTeamCountry "BIH"]

1. Nf3 b6 2. e4 Bb7 3. Nc3 e6 4. d4 Bb4 5. Bd3 Nf6 6. Bg5 h6 7. Bxf6 Qxf6 8.
O-O Bxc3 9. bxc3 d6 10. Nd2 e5 11. f4 exd4 12. e5 dxe5 13. Ne4 (13. fxe5 Qg5
14. Nf3 Bxf3 (14... Qe3+ 15. Kh1 O-O 16. cxd4 Nd7 (16... c5 $6 17. Re1 Bxf3 18.
gxf3 Qxd4 19. Be4 $14 {/+/- 1-0 Dautov,R-Kengis,E/Daugavpils 1989/CBM 16 (58).
(57)}) (16... Na6 $2 17. c3 Rad8 18. Qc2 c5 19. Rae1 $18 Qf4 20. e6 {1-0
Horvath,J-Lovric,B/Porec CRO 1998 (20)}) 17. Nh4 Qg5 18. Qe1 Rae8 19. Qf2 Bd5
20. c4 Bb7 21. Bf5 Bc8 22. Rae1 c5 23. Bxd7 {1/2-1/2 Tkachiev,V-Minasian,A/
Cannes 1995/EXP 46 (23)}) 15. Qxf3 Qe3+ 16. Qxe3 dxe3 17. Bc4 Nd7 18. Bxf7+ Ke7
19. Rae1 $11 {/+/= 1/2-1/2 Berry,N-Plaskett,J/Birmingham 2002/[Müller,Karsten]
(64)}) (13. Qh5 $6 g6 14. Qe2 Nc6 15. fxe5 Qe7 16. e6 f5 17. Nb3 O-O-O $17 {
1-0 Ionescu,C-Smyslov,V/Sochi 1986/MCL 02 (34)}) 13... Qe7 14. fxe5 Qxe5 (14...
dxc3 15. Qg4 $44) 15. Qf3 {leitet eine forcierte Zugfolge ein:} O-O (15... Bd5
$2 16. c4 Bc6 17. Qxf7+ Kd8 18. Rae1 $40) 16. Nf6+ gxf6 17. Qxb7 Nd7 18. Rae1
Nc5 19. Qf3 (19. Rxe5 $5 {verdient genauere Prüfung:} Nxb7 20. Re4 Rfe8 (20...
Nc5 $4 21. Rg4+ Kh8 22. Rxf6 Nxd3 23. Rxh6#) 21. cxd4 Rad8 22. Rxe8+ Rxe8 23.
Rxf6 $14) 19... Qg5 (19... Qd6 $2 20. Bf5 dxc3 21. Qg4+ Kh8 22. Qh4 Kg7 23. Re3
Ne6 (23... Rh8 $2 24. Qg4+ Kf8 25. Rd1 Qc6 26. Bc8 Ne6 27. Bxe6 Re8 28. Qf4 Qc5
29. Rd5 $18) 24. Be4 Qd4 25. Qg3+ Kh8 26. Bxa8 Rxa8 27. Kh1 $14 {/+/-}) 20.
cxd4 Nxd3 21. Qxd3 Rfe8 22. Qf3 Kg7 23. Re4 Rxe4 24. Qxe4 Rd8 25. c4 Qg6 26.
Qe3 Qg5 27. Qe4 Rd6 28. d5 b5 29. cxb5 Rxd5 30. a4 Rd2 31. Kh1 h5 32. h3 Ra2
33. Re1 Qg3 34. Rg1 Qb3 35. Qf5 Rxa4 36. Rf1 Qe6 37. Qxh5 Rb4 38. Qc5 Qd6 39.
Qxd6 cxd6 40. Rd1 $11 Rxb5 41. Rxd6 Rb6 42. Rd7 a6 43. Kh2 f5 44. Kg3 Kg6 45.
Kf4 Rb4+ 46. Kf3 a5 47. Ra7 a4 48. g3 Rb3+ 49. Kf4 Rb4+ 50. Kf3 Rb3+ 51. Kf4
Ra3 (51... a3 52. Ra6+ Kg7 53. h4 Kf8 54. Ra7 $11) 52. h4 Ra1 53. Ra6+ f6 54.
Ra5 a3 55. Kf3 Ra2 56. Kf4 Ra1 57. Kf3 $1 Kh6 58. Kg2 a2 59. Kh2 Kg7 60. Ra7+
Kg6 61. Ra5 f4 62. gxf4 f5 63. Kg2 1/2-1/2

[Event "EU-Cup 13th final"]
[Site "Kazan"]
[Date "1997.12.30"]
[Round "3"]
[White "Nevednichy, Boris M"]
[Black "Kalantarian, Norik"]
[Result "1-0"]
[WhiteElo "2360"]
[BlackElo "2455"]
[Annotator "Mueller,Karsten"]
[PlyCount "109"]
[EventDate "1997.12.28"]
[EventType "team-k.o."]
[EventRounds "4"]
[EventCountry "RUS"]
[SourceTitle "EXT 2020"]
[Source "ChessBase"]
[SourceDate "2019.10.17"]
[SourceVersion "1"]
[SourceVersionDate "2019.10.17"]
[SourceQuality "1"]
[WhiteTeam "Chisinau Rezina-Gaz"]
[BlackTeam "Yerevan"]
[WhiteTeamCountry "MDA"]
[BlackTeamCountry "ARM"]

1. e4 Nc6 2. Nf3 d6 3. d4 Nf6 4. Nc3 Bg4 5. Be3 e6 6. Be2 Be7 7. Ng1 $5 {
[%cal Gf3g1] Weiß möchte lieber die weißfeldrigen Läufer als Läufer gegen
Springer tauschen, um besser gerüstet zu sein, wenn die Stellung einen
geschlossenen Charakter trägt.} (7. O-O O-O 8. Nd2 Bxe2 9. Qxe2 d5 10. e5 Nd7
11. f4 f5 12. exf6 Bxf6 13. Nf3 $14 {1/2-1/2 Adams,M-Miles,A/London PCA-Intel
GP 1995/EXP 49 (38)}) 7... Bxe2 8. Ngxe2 d5 9. e5 Nd7 10. Ng3 g6 (10... Ndxe5
$2 11. dxe5 d4 12. Qg4 $1 dxe3 (12... dxc3 13. Qxg7 Rf8 14. Rd1 $18) 13. Rd1
exf2+ 14. Kf1 Qc8 15. Qxg7 Rf8 16. Nce4 $18) 11. Bh6 Ncb8 {der damit
eingeleitete Plan, am Damenflügel zu spielen, ist zwar sehr prinzipiell aber
auch recht langsam.} (11... Bg5 $5 12. Bxg5 Qxg5 $11) 12. Nce2 c5 13. c3 Nc6
14. O-O b5 15. Qd2 Qb6 16. Qf4 a5 17. Rfd1 Rg8 18. h4 a4 19. Rd3 Nd8 20. Bg5 c4
21. Rd2 Bxg5 22. Qxg5 a3 {bis hierher haben beide Spieler ihre Stellung am
jeweiligen Flügel verstärkt und die Truppen in Stellung gebracht. Nun kommt es
zu ersten Handgreiflichkeiten:} 23. bxa3 Rxa3 24. Rb2 Nc6 25. Qh6 b4 $5 (25...
Nf8 {war Schwarz wohl zu passiv.}) 26. Qxh7 Rf8 27. h5 gxh5 28. Nxh5 b3 29. Qh6
({Auch} 29. Ng7+ {ist mir nicht vollständig klar, z.B.} Kd8 30. Rab1 Kc8 31.
axb3 cxb3 32. Nc1 Na5 $44) 29... Qa5 30. Qg5 {droht unauffällig Sg7 matt...}
Ne7 31. Qd2 Rh8 32. Nhg3 Nb6 33. Rab1 Na4 34. axb3 $1 (34. Rc2 $2 bxc2 35. Rb8+
Kd7 36. Rxh8 Nxc3 37. Qxc2 Nxe2+ 38. Qxe2 Rxa2 $17) 34... Nxb2 35. Qxb2 (35. b4
$5) 35... Rxb3 36. Qc1 Rxb1 37. Qxb1 Kd7 38. Qb7+ Qc7 39. Qb5+ Qc6 40. Qb4 Qc7
41. Qb5+ Qc6 42. Qb4 Ng6 $6 {Der folgende weiße Angriff mit Dame und zwei
Springern ist überraschend gefährlich, daher war es ratsam mit} (42... Qc7 {
auf remis zu spielen.}) 43. f3 Qc7 44. Qa4+ Ke7 45. f4 Rb8 46. Qa3+ Ke8 47. f5
Nh4 {danach ist Schwarz verloren. Ob er an dieser Stelle noch zu retten ist,
vermag ich nicht zu sagen. Einige Varianten sollen belegen, wie brenzlig die
Lage bereits ist:} (47... Ne7 48. f6 Ng6 49. Nh5 Rb1+ 50. Kh2 Qb7 51. Ng7+ Kd8
52. Nf4 $40) (47... exf5 48. Nxf5 Ne7 49. Nd6+ Kf8 50. Qc1 Ng8 51. Nf4 $40) 48.
Nh5 $1 $18 Qe7 49. Nf6+ Kd8 (49... Kf8 $2 50. Nd7+ $18) 50. Qa5+ Qc7 (50... Kc8
51. fxe6 Rb1+ 52. Kh2 fxe6 53. Qa8+ Kc7 54. Nf4 Qf7 55. Qa7+ Rb7 56. Qc5+ Kb8
57. Qd6+ Ka7 58. Nxe6 $18) 51. Qa4 $1 Qe7 52. fxe6 fxe6 53. Nf4 Qf7 54. Qc6
Nf3+ (54... Rb1+ 55. Kh2 Ke7 56. Qd6#) 55. gxf3 1-0